000 00535nam a2200205Ia 4500
003 GCL
008 140319s9999 xx 000 0 eng d
040 _aGCL /
_cGCL
082 0 4 _aCH
_b153.1503
_bG Y
100 1 _aGOLD SMITH, EVELYN
245 1 0 _aYOUNG LEARNER'S DICTIONARY /
_cGOLD SMITH, EVELYN
700 1 _aDANN, PENNY
260 _a[S.N] :
_bCOLLINS COBUILD ،
_c1995
300 _a159 P
650 0 4 _aCHILDREN
650 0 4 _aDICTIONARIES
650 0 4 _aLEARNING
650 0 4 _aYOUNG LEARNER - DICTIONARY
942 _2ddc
_cBK
999 _c13169
_d13169